Sociálne a zdravotné poistenie : Úplné znenie zákonov s dôvodovými správami a súvisiacimi predpismi /
Salvato in:
| Autore principale: | |
|---|---|
| Natura: | Libro |
| Lingua: | slovacco |
| Pubblicazione: |
Bratislava :
Eurounion,
1995
|
| Tags: |
Nessun Tag, puoi essere il primo ad aggiungerne!!
|
MARC
| LEADER | 00000nam a22000003a 4500 | ||
|---|---|---|---|
| 001 | stu30078 | ||
| 005 | 20150617225735.1 | ||
| 008 | 960130s1995----xo------------------slo-d | ||
| 020 | |a 80-85568-13-6 | ||
| 040 | |a STU |b slo | ||
| 041 | 0 | |a slo | |
| 044 | |a xo | ||
| 080 | |a 351.84 | ||
| 080 | |a 368.4 | ||
| 100 | 1 | |a Freund, Miroslav |4 aut | |
| 245 | 1 | |a Sociálne a zdravotné poistenie : |b Úplné znenie zákonov s dôvodovými správami a súvisiacimi predpismi / |c [aut]Freund,Miroslav | |
| 260 | |a Bratislava : |b Eurounion, |c 1995 | ||
| 300 | |a 227 s | ||
| 996 | |c V*43909/O-19085 |l VV21 |s P |a 0 |w stu30078_0001 | ||